Central Library OPAC University of Rajshahi

Wit and wisdom of Shakespeare : (Record no. 18600)

MARC details
000 -LEADER
fixed length control field 00972nam a22002531 4500
001 - CONTROL NUMBER
control field 18600
003 - CONTROL NUMBER IDENTIFIER
rucl marc code BD-RjUL
005 - DATE AND TIME OF LATEST TRANSACTION
control field 20211209000316.0
008 - FIXED-LENGTH DATA ELEMENTS--GENERAL INFORMATION
fixed length control field 140220s1961 ii a 000 1 eng d
035 ## - SYSTEM CONTROL NUMBER
System control number (BD-RjUL)18658
System control number (OCoLC)11053859
040 ## - CATALOGING SOURCE
Original cataloging agency DLC
Transcribing agency CLS
Modifying agency DLC
-- BD-RjUL
Language of cataloging eng
041 ## - LANGUAGE CODE
Language code of text/sound track or separate title eng
082 00 - DEWEY DECIMAL CLASSIFICATION NUMBER
Classification number 822.33
Author mark and year SEW 1961
100 1# - MAIN ENTRY--PERSONAL NAME
Personal name Shakespeare, William,
Dates associated with a name 1564-1616.
9 (RLIN) 57297
245 10 - TITLE STATEMENT
Title Wit and wisdom of Shakespeare :
Remainder of title being a treasury of over four thousand 'gems of the purest ray serene' collected from the complete poetic and dramatic works of the greatest philosopher-poet of the world and classified under about three hundred subjects /
Statement of responsibility, etc. by N.B. Sen.
260 ## - PUBLICATION, DISTRIBUTION, ETC. (IMPRINT)
Place of publication, distribution, etc. New Delhi :
Name of publisher, distributor, etc. New Book Society of India
Date of publication, distribution, etc. 1961.
300 ## - PHYSICAL DESCRIPTION
Pagination 400 p. :
Illustrations illus.
Size 23 cm.
600 10 - SUBJECT ADDED ENTRY--PERSONAL NAME
Personal name Shakespeare, William,
Dates associated with a name 1564-1616
General subdivision Quotations.
700 1# - ADDED ENTRY--PERSONAL NAME
Personal name Sen, N. B.,
Relator term ed.
942 ## - ADDED ENTRY ELEMENTS (KOHA)
Source of classification or shelving scheme Dewey Decimal Classification
Koha item type Books
Holdings
Lost status Source of classification or shelving scheme Damaged status Not for loan Collection code Permanent Location Current Location Shelving location Date acquired Source of acquisition Cost, normal purchase price Total Checkouts Full call number Date last seen Copy number Koha item type
  Dewey Decimal Classification   Not For Loan Fiction Central Library, University of Rajshahi Central Library, University of Rajshahi Reading Room 17/05/1967 Universities book agency. 37.50   822.33 SEW 1961 20/02/2014 C-1 Books
  Dewey Decimal Classification     Fiction Central Library, University of Rajshahi Central Library, University of Rajshahi   26/10/1967 University press Ltd. 0.00   822.33 SEW 1961 20/02/2014 C-2 Books